[Event "EYCC 2024 - O14"]
[Site "?"]
[Date "2024.08.25"]
[Round "4.1"]
[White "Sowinski, Pawel"]
[Black "Villa Tornero, Alex"]
[Result "1-0"]
[BlackElo "2241"]
[WhiteElo "2463"]
[LiveChessVersion "1.4.8"]

1. d4 {[%clk 1:30:59]} d5 {[%clk 1:30:54]} 2. Nf3 {[%clk 1:31:05]} Nf6
{[%clk 1:31:14]} 3. c4 {[%clk 1:31:13]} c6 {[%clk 1:31:09]} 4. e3
{[%clk 1:30:48]} Bg4 {[%clk 1:30:27]} 5. Nc3 {[%clk 1:29:07]} e6 {[%clk 1:29:43]}
6. h3 {[%clk 1:27:18]} Bh5 {[%clk 1:29:36]} 7. g4 {[%clk 1:24:13]} Bg6
{[%clk 1:30:04]} 8. Ne5 {[%clk 1:24:42]} Nbd7 {[%clk 1:30:12]} 9. h4
{[%clk 1:13:48]} dxc4 {[%clk 1:28:08]} 10. Nxg6 {[%clk 1:11:55]} hxg6
{[%clk 1:28:30]} 11. Bxc4 {[%clk 1:12:12]} Bb4 {[%clk 1:15:41]} 12. Qf3
{[%clk 1:02:21]} Nd5 {[%clk 1:14:03]} 13. Bd2 {[%clk 1:02:46]} Rxh4
{[%clk 1:10:05]} 14. Ke2 {[%clk 0:48:15]} Nxc3+ {[%clk 0:55:18]} 15. bxc3
{[%clk 0:48:18]} Be7 {[%clk 0:55:17]} 16. Bd3 {[%clk 0:44:12]} g5
{[%clk 0:48:53]} 17. a4 {[%clk 0:38:19]} a5 {[%clk 0:46:37]} 18. e4
{[%clk 0:30:47]} c5 {[%clk 0:35:38]} 19. Bb5 {[%clk 0:28:04]} Rc8
{[%clk 0:28:20]} 20. Rxh4 {[%clk 0:20:53]} gxh4 {[%clk 0:28:48]} 21. g5
{[%clk 0:19:32]} cxd4 {[%clk 0:17:55]} 22. g6 {[%clk 0:19:57]} d3+
{[%clk 0:16:39]} 23. Qxd3 {[%clk 0:20:17]} Bf6 {[%clk 0:12:37]} 24. Rd1
{[%clk 0:13:41]} Ke7 {[%clk 0:08:14]} 25. Be3 {[%clk 0:13:28]} 1-0

[Event "EYCC 2024 - O14"]
[Site "?"]
[Date "2024.08.25"]
[Round "4.2"]
[White "Ilinca, Felix-Antonio"]
[Black "Gkavardinas, Antonios"]
[Result "1-0"]
[BlackElo "2222"]
[WhiteElo "2386"]
[LiveChessVersion "1.4.8"]

1. e4 {[%clk 1:27:29]} c5 {[%clk 1:30:49]} 2. c3 {[%clk 1:27:29]} g6
{[%clk 1:27:59]} 3. d4 {[%clk 1:27:05]} cxd4 {[%clk 1:27:54]} 4. cxd4
{[%clk 1:26:22]} d5 {[%clk 1:27:37]} 5. e5 {[%clk 1:25:51]} Nc6 {[%clk 1:27:23]}
6. Nc3 {[%clk 1:24:23]} Bg7 {[%clk 1:27:12]} 7. Bb5 {[%clk 1:20:40]} f6
{[%clk 1:22:18]} 8. Bf4 {[%clk 1:11:53]} fxe5 {[%clk 1:17:40]} 9. Bxe5
{[%clk 1:09:49]} Bxe5 {[%clk 1:11:53]} 10. dxe5 {[%clk 1:09:56]} d4
{[%clk 1:11:41]} 11. Bxc6+ {[%clk 1:08:40]} bxc6 {[%clk 1:10:22]} 12. Nce2
{[%clk 1:08:41]} c5 {[%clk 1:07:05]} 13. Rc1 {[%clk 0:55:25]} Bb7
{[%clk 1:01:16]} 14. Nf3 {[%clk 0:48:16]} Rc8 {[%clk 0:57:18]} 15. Qa4+
{[%clk 0:41:36]} Bc6 {[%clk 0:55:15]} 16. Qxa7 {[%clk 0:39:11]} d3
{[%clk 0:50:34]} 17. Rd1 {[%clk 0:38:10]} Nh6 {[%clk 0:43:41]} 18. Nf4
{[%clk 0:28:18]} c4 {[%clk 0:41:13]} 19. Nd4 {[%clk 0:26:49]} Bd5
{[%clk 0:35:19]} 20. O-O {[%clk 0:20:04]} Nf5 {[%clk 0:29:45]} 21. Nxf5
{[%clk 0:17:44]} gxf5 {[%clk 0:30:13]} 22. b3 {[%clk 0:15:51]} Rg8
{[%clk 0:28:04]} 23. e6 {[%clk 0:14:11]} Ba8 {[%clk 0:24:47]} 24. f3
{[%clk 0:10:31]} d2 {[%clk 0:20:31]} 25. bxc4 {[%clk 0:09:09]} Rxc4
{[%clk 0:19:59]} 26. Rf2 {[%clk 0:07:08]} Rd4 {[%clk 0:17:35]} 27. Qc5
{[%clk 0:06:16]} Rg7 {[%clk 0:11:48]} 28. Rfxd2 {[%clk 0:03:53]} Rxd2
{[%clk 0:08:30]} 29. Qb5+ {[%clk 0:04:06]} Kf8 {[%clk 0:08:46]} 30. Rxd2
{[%clk 0:04:28]} Rxg2+ {[%clk 0:07:50]} 31. Rxg2 {[%clk 0:02:28]} Qd4+
{[%clk 0:05:58]} 32. Kf1 {[%clk 0:01:50]} Qd1+ {[%clk 0:05:36]} 33. Kf2
{[%clk 0:02:16]} Qxf3+ {[%clk 0:05:42]} 34. Kg1 {[%clk 0:02:36]} Qe3+
{[%clk 0:03:41]} 35. Rf2 {[%clk 0:02:57]} Bf3 {[%clk 0:03:38]} 36. Qxf5+
{[%clk 0:02:13]} Kg7 {[%clk 0:03:27]} 37. Nh5+ {[%clk 0:02:25]} 1-0

[Event "EYCC 2024 - O14"]
[Site "?"]
[Date "2024.08.25"]
[Round "4.3"]
[White "Grooten, Tommy"]
[Black "Haug, Havard"]
[Result "0-1"]
[BlackElo "2315"]
[WhiteElo "2146"]
[LiveChessVersion "1.4.8"]

1. d4 {[%clk 1:30:57]} d5 {[%clk 1:30:49]} 2. c4 {[%clk 1:31:22]} e6
{[%clk 1:31:14]} 3. Nf3 {[%clk 1:31:47]} Nf6 {[%clk 1:31:36]} 4. cxd5
{[%clk 1:32:11]} exd5 {[%clk 1:31:41]} 5. Nc3 {[%clk 1:32:35]} Be7
{[%clk 1:26:08]} 6. Bg5 {[%clk 1:30:11]} h6 {[%clk 1:26:07]} 7. Bf4
{[%clk 1:29:56]} O-O {[%clk 1:25:04]} 8. e3 {[%clk 1:26:32]} c5 {[%clk 1:19:21]}
9. dxc5 {[%clk 1:25:02]} Bxc5 {[%clk 1:17:49]} 10. Bxb8 {[%clk 1:21:52]} Rxb8
{[%clk 1:17:58]} 11. Bd3 {[%clk 1:21:36]} Bg4 {[%clk 1:11:31]} 12. O-O
{[%clk 1:20:06]} Rc8 {[%clk 1:07:14]} 13. h3 {[%clk 1:02:25]} Be6
{[%clk 1:01:16]} 14. Nd4 {[%clk 0:58:16]} Bd6 {[%clk 0:51:41]} 15. Qb3
{[%clk 0:52:15]} Qd7 {[%clk 0:49:23]} 16. Qa4 {[%clk 0:49:16]} Bxh3
{[%clk 0:38:49]} 17. Qxd7 {[%clk 0:41:25]} Bxd7 {[%clk 0:38:50]} 18. Rfd1
{[%clk 0:39:24]} Be5 {[%clk 0:38:30]} 19. Be2 {[%clk 0:38:50]} Rfd8
{[%clk 0:36:23]} 20. Bf3 {[%clk 0:37:55]} Be6 {[%clk 0:35:40]} 21. Rd3
{[%clk 0:37:08]} Rd7 {[%clk 0:34:13]} 22. Rad1 {[%clk 0:37:22]} Rcd8
{[%clk 0:34:09]} 23. Na4 {[%clk 0:35:37]} Bxd4 {[%clk 0:30:42]} 24. Rxd4
{[%clk 0:35:35]} Kf8 {[%clk 0:30:48]} 25. Nc3 {[%clk 0:34:08]} Ke7
{[%clk 0:31:02]} 26. R1d2 {[%clk 0:33:04]} h5 {[%clk 0:30:45]} 27. g3
{[%clk 0:32:59]} g6 {[%clk 0:30:38]} 28. Bg2 {[%clk 0:32:25]} b6 {[%clk 0:30:27]}
29. Bf3 {[%clk 0:32:01]} Ne4 {[%clk 0:27:13]} 30. Bxe4 {[%clk 0:27:18]} dxe4
{[%clk 0:27:22]} 31. Nxe4 {[%clk 0:27:44]} Bxa2 {[%clk 0:26:44]} 32. Nc3
{[%clk 0:27:54]} Rxd4 {[%clk 0:25:19]} 33. exd4 {[%clk 0:28:17]} Bd5
{[%clk 0:24:59]} 34. Kf1 {[%clk 0:27:11]} g5 {[%clk 0:22:52]} 35. Ke2
{[%clk 0:25:48]} h4 {[%clk 0:22:56]} 36. gxh4 {[%clk 0:26:14]} gxh4
{[%clk 0:23:25]} 37. Ke3 {[%clk 0:26:31]} Bg2 {[%clk 0:23:13]} 38. Ne2
{[%clk 0:24:05]} h3 {[%clk 0:23:15]} 39. Ng3 {[%clk 0:24:02]} Rg8
{[%clk 0:23:37]} 40. Kf4 {[%clk 0:23:32]} h2 {[%clk 0:23:57]} 41. Rd1
{[%clk 0:23:40]} Rxg3 {[%clk 0:24:11]} 0-1

[Event "EYCC 2024 - O14"]
[Site "?"]
[Date "2024.08.25"]
[Round "4.4"]
[White "Korchynskyi, Mykola"]
[Black "Torosyan, Volodya"]
[Result "1/2-1/2"]
[BlackElo "2148"]
[WhiteElo "2312"]
[LiveChessVersion "1.4.8"]

1. e4 {[%clk 1:30:38]} c5 {[%clk 1:30:29]} 2. Nf3 {[%clk 1:31:02]} d6
{[%clk 1:30:52]} 3. d4 {[%clk 1:31:21]} cxd4 {[%clk 1:31:12]} 4. Nxd4
{[%clk 1:31:47]} Nf6 {[%clk 1:31:38]} 5. Nc3 {[%clk 1:32:09]} a6 {[%clk 1:32:06]}
6. a3 {[%clk 1:31:59]} Nc6 {[%clk 1:25:13]} 7. Be2 {[%clk 1:31:46]} e5
{[%clk 1:24:03]} 8. Nb3 {[%clk 1:15:42]} Be6 {[%clk 1:15:23]} 9. Be3
{[%clk 1:11:08]} d5 {[%clk 1:06:16]} 10. exd5 {[%clk 1:11:04]} Nxd5
{[%clk 1:06:38]} 11. Nxd5 {[%clk 1:06:31]} Qxd5 {[%clk 1:05:24]} 12. Qxd5
{[%clk 1:02:07]} Bxd5 {[%clk 1:05:51]} 13. O-O {[%clk 0:48:28]} O-O-O
{[%clk 0:51:03]} 14. Rfd1 {[%clk 0:35:59]} f5 {[%clk 0:41:06]} 15. Nd2
{[%clk 0:31:07]} Be7 {[%clk 0:28:41]} 16. b4 {[%clk 0:23:08]} Kc7
{[%clk 0:25:37]} 17. f3 {[%clk 0:16:19]} Bf6 {[%clk 0:19:32]} 18. Rab1
{[%clk 0:13:43]} Rhe8 {[%clk 0:14:13]} 19. b5 {[%clk 0:13:00]} axb5
{[%clk 0:11:50]} 20. Bxb5 {[%clk 0:12:57]} Ra8 {[%clk 0:05:35]} 21. a4
{[%clk 0:09:46]} Ba2 {[%clk 0:03:51]} 22. Rb2 {[%clk 0:10:09]} Bf7
{[%clk 0:04:09]} 23. Rdb1 {[%clk 0:09:06]} Reb8 {[%clk 0:02:11]} 24. c3
{[%clk 0:05:59]} h6 {[%clk 0:00:34]} 25. Bc5 {[%clk 0:03:20]} Be7
{[%clk 0:00:36]} 26. Be3 {[%clk 0:03:04]} Ba3 {[%clk 0:00:51]} 27. Rc2
{[%clk 0:03:25]} b6 {[%clk 0:00:45]} 28. Re1 {[%clk 0:01:47]} Rd8
{[%clk 0:00:35]} 29. c4 {[%clk 0:01:03]} Bb4 {[%clk 0:00:39]} 30. Rb1
{[%clk 0:00:34]} Bc5 {[%clk 0:00:37]} 31. Bxc5 {[%clk 0:00:37]} bxc5
{[%clk 0:01:06]} 32. Bxc6 {[%clk 0:00:51]} Kxc6 {[%clk 0:01:33]} 33. Rcb2
{[%clk 0:00:48]} Rxa4 {[%clk 0:01:00]} 34. Rb6+ {[%clk 0:00:38]} Kd7
{[%clk 0:01:20]} 35. Nb3 {[%clk 0:00:38]} Rxc4 {[%clk 0:01:05]} 36. Na5
{[%clk 0:00:39]} Rb4 {[%clk 0:01:03]} 37. Rd1+ {[%clk 0:00:33]} Ke8
{[%clk 0:01:09]} 38. Rxd8+ {[%clk 0:00:32]} Kxd8 {[%clk 0:01:39]} 39. Rxb4
{[%clk 0:00:49]} cxb4 {[%clk 0:02:01]} 40. Nc6+ {[%clk 0:01:15]} Kc7
{[%clk 0:02:01]} 41. Nxb4 {[%clk 0:01:41]} Kd6 {[%clk 0:02:17]} 42. Kf2
{[%clk 0:01:38]} Kc5 {[%clk 0:02:20]} 43. Nc2 {[%clk 0:02:01]} Bb3
{[%clk 0:02:24]} 44. Ne3 {[%clk 0:02:06]} Be6 {[%clk 0:02:49]} 45. Nc2
{[%clk 0:01:57]} Kc4 {[%clk 0:02:59]} 46. Ke3 {[%clk 0:01:58]} Kc3
{[%clk 0:03:19]} 47. Ne1 {[%clk 0:01:28]} Bc4 {[%clk 0:03:00]} 48. f4
{[%clk 0:01:02]} e4 {[%clk 0:02:39]} 49. g4 {[%clk 0:00:56]} fxg4
{[%clk 0:02:53]} 50. f5 {[%clk 0:00:38]} Bf1 {[%clk 0:02:51]} 51. Kf2
{[%clk 0:00:52]} Bh3 {[%clk 0:02:10]} 52. Ke3 {[%clk 0:01:15]} h5
{[%clk 0:00:59]} 53. Kxe4 {[%clk 0:01:14]} h4 {[%clk 0:00:37]} 54. Ke3
{[%clk 0:01:08]} Bf1 {[%clk 0:00:36]} 55. Kf2 {[%clk 0:01:32]} Bh3
{[%clk 0:01:03]} 56. Ke3 {[%clk 0:01:57]} g3 {[%clk 0:01:02]} 57. hxg3
{[%clk 0:02:22]} hxg3 {[%clk 0:01:30]} 58. Kf3 {[%clk 0:02:46]} Bxf5
{[%clk 0:01:41]} 59. Kxg3 {[%clk 0:03:10]} Be4 {[%clk 0:01:52]} 60. Nf3
{[%clk 0:03:08]} Bxf3 {[%clk 0:02:12]} 1/2-1/2

[Event "EYCC 2024 - O14"]
[Site "?"]
[Date "2024.08.25"]
[Round "4.5"]
[White "Stefanovic, Bosko"]
[Black "Delgerdalai, Bayarjavkhlan"]
[Result "0-1"]
[BlackElo "2278"]
[WhiteElo "2112"]
[LiveChessVersion "1.4.8"]

1. Nf3 {[%clk 1:30:57]} Nf6 {[%clk 1:28:28]} 2. c4 {[%clk 1:30:46]} b6
{[%clk 1:22:20]} 3. g3 {[%clk 1:30:55]} Bb7 {[%clk 1:22:41]} 4. Bg2
{[%clk 1:31:07]} e6 {[%clk 1:13:13]} 5. O-O {[%clk 1:30:56]} d5 {[%clk 1:09:10]}
6. d4 {[%clk 1:28:47]} dxc4 {[%clk 1:05:55]} 7. Nbd2 {[%clk 1:26:49]} b5
{[%clk 1:04:52]} 8. a4 {[%clk 1:23:15]} a6 {[%clk 1:03:25]} 9. Qc2
{[%clk 1:21:09]} Nc6 {[%clk 0:56:55]} 10. b3 {[%clk 1:12:02]} Nb4
{[%clk 0:40:13]} 11. Qb2 {[%clk 1:12:08]} cxb3 12. Nxb3 {[%clk 1:07:02]} Be4
{[%clk 0:24:42]} 13. axb5 {[%clk 0:56:40]} axb5 {[%clk 0:20:01]} 14. Bd2
{[%clk 0:55:41]} Bd6 {[%clk 0:14:35]} 15. Nc5 {[%clk 0:42:49]} Bxc5
{[%clk 0:13:17]} 16. dxc5 {[%clk 0:31:58]} Rxa1 {[%clk 0:12:19]} 17. Rxa1
{[%clk 0:31:55]} Nc2 {[%clk 0:07:27]} 18. Rc1 {[%clk 0:20:00]} Bxf3
{[%clk 0:06:49]} 19. Bxf3 {[%clk 0:20:10]} Nd4 {[%clk 0:05:51]} 20. c6
{[%clk 0:14:10]} O-O {[%clk 0:03:45]} 21. Bf4 {[%clk 0:09:47]} Nxf3+
{[%clk 0:03:09]} 22. exf3 {[%clk 0:10:15]} Nd5 {[%clk 0:01:35]} 23. Be5
{[%clk 0:05:26]} f6 {[%clk 0:01:58]} 24. Bd4 {[%clk 0:05:52]} Qb8
{[%clk 0:01:10]} 25. Bc5 {[%clk 0:04:31]} Rd8 {[%clk 0:01:01]} 26. Qe2
{[%clk 0:01:43]} Kf7 {[%clk 0:01:19]} 27. Re1 {[%clk 0:01:59]} Re8
{[%clk 0:01:28]} 28. Qd3 {[%clk 0:02:10]} g6 {[%clk 0:01:33]} 29. Rb1
{[%clk 0:02:29]} Qa8 {[%clk 0:01:43]} 30. Rxb5 {[%clk 0:01:09]} Qxc6
{[%clk 0:02:09]} 31. Bd4 {[%clk 0:01:15]} Rd8 {[%clk 0:01:00]} 32. Qb3
{[%clk 0:00:46]} Nf4 {[%clk 0:00:35]} 33. gxf4 {[%clk 0:01:01]} Rxd4
{[%clk 0:00:57]} 34. Kg2 {[%clk 0:00:39]} Rxf4 {[%clk 0:01:11]} 35. Rb8
{[%clk 0:01:03]} Rg4+ {[%clk 0:01:27]} 36. Kh3 {[%clk 0:01:12]} Rg5
{[%clk 0:01:19]} 37. Qa3 {[%clk 0:01:07]} Qc5 {[%clk 0:01:03]} 38. Qa4
{[%clk 0:00:53]} Qf5+ {[%clk 0:01:11]} 39. Kh4 {[%clk 0:01:15]} Rh5+
{[%clk 0:01:38]} 40. Kg3 {[%clk 0:01:34]} Qh3+ {[%clk 0:02:03]} 41. Kf4
{[%clk 0:02:00]} Qh4+ {[%clk 0:02:08]} 0-1

[Event "EYCC 2024 - O14"]
[Site "?"]
[Date "2024.08.25"]
[Round "4.6"]
[White "Pycinski, Wladyslaw"]
[Black "Karvatskyi, Oleksii"]
[Result "1/2-1/2"]
[BlackElo "2144"]
[WhiteElo "2237"]
[LiveChessVersion "1.4.8"]

1. Nf3 {[%clk 1:30:57]} d5 {[%clk 1:30:48]} 2. d4 {[%clk 1:31:13]} Nf6
{[%clk 1:31:15]} 3. Bf4 {[%clk 1:31:34]} g6 {[%clk 1:29:45]} 4. e3
{[%clk 1:31:00]} c5 {[%clk 1:29:19]} 5. c3 {[%clk 1:26:00]} Bg7 {[%clk 1:29:42]}
6. h3 {[%clk 1:26:22]} O-O {[%clk 1:30:06]} 7. Be2 {[%clk 1:26:33]} b6
{[%clk 1:29:26]} 8. O-O {[%clk 1:22:42]} Nc6 {[%clk 1:26:20]} 9. Nbd2
{[%clk 1:21:36]} Bb7 {[%clk 1:24:20]} 10. Ne5 {[%clk 1:12:06]} Nd7
{[%clk 1:10:43]} 11. Nxc6 {[%clk 1:10:23]} Bxc6 {[%clk 1:11:09]} 12. Nf3
{[%clk 1:10:13]} Bb7 {[%clk 1:01:06]} 13. Bh2 {[%clk 1:08:36]} a6
{[%clk 0:58:49]} 14. Qd2 {[%clk 1:01:35]} Rc8 {[%clk 0:53:12]} 15. Rad1
{[%clk 0:58:11]} Re8 {[%clk 0:49:31]} 16. Ne5 {[%clk 0:53:59]} Nxe5
{[%clk 0:45:06]} 17. Bxe5 {[%clk 0:53:22]} f6 {[%clk 0:40:38]} 18. Bh2
{[%clk 0:52:58]} e5 {[%clk 0:40:28]} 19. Bf3 {[%clk 0:41:21]} e4 {[%clk 0:35:39]}
20. Be2 {[%clk 0:41:06]} f5 {[%clk 0:33:40]} 21. Rc1 {[%clk 0:39:59]} Qd7
{[%clk 0:30:21]} 22. Rfd1 {[%clk 0:36:14]} Qf7 {[%clk 0:17:58]} 23. Bf4
{[%clk 0:28:47]} h6 {[%clk 0:15:55]} 24. dxc5 {[%clk 0:26:17]} bxc5
{[%clk 0:16:12]} 25. b4 {[%clk 0:26:15]} g5 {[%clk 0:14:16]} 26. Bd6
{[%clk 0:25:55]} d4 {[%clk 0:13:18]} 27. Bxc5 {[%clk 0:22:15]} d3
{[%clk 0:13:30]} 1/2-1/2

[Event "EYCC 2024 - O14"]
[Site "?"]
[Date "2024.08.25"]
[Round "4.7"]
[White "Finek, Vaclav"]
[Black "Beliman, Alexandro"]
[Result "1-0"]
[BlackElo "2144"]
[WhiteElo "2467"]
[LiveChessVersion "1.4.8"]

1. d4 {[%clk 1:30:58]} Nf6 {[%clk 1:30:59]} 2. c4 {[%clk 1:31:21]} e6
{[%clk 1:31:24]} 3. Nf3 {[%clk 1:31:46]} d5 {[%clk 1:31:52]} 4. g3
{[%clk 1:32:10]} dxc4 {[%clk 1:32:20]} 5. Bg2 {[%clk 1:32:33]} Nc6
{[%clk 1:32:45]} 6. O-O {[%clk 1:32:32]} Rb8 {[%clk 1:32:58]} 7. a4
{[%clk 1:25:14]} b6 {[%clk 1:31:19]} 8. Ne5 {[%clk 1:10:36]} Nxe5
{[%clk 1:27:00]} 9. dxe5 {[%clk 1:11:01]} Qxd1 {[%clk 1:27:26]} 10. Rxd1
{[%clk 1:11:25]} Nd5 {[%clk 1:27:45]} 11. Nc3 {[%clk 1:10:36]} c6
{[%clk 1:21:45]} 12. Ne4 {[%clk 1:07:21]} f5 {[%clk 1:04:46]} 13. exf6
{[%clk 0:49:22]} gxf6 {[%clk 1:03:33]} 14. Nxf6+ {[%clk 0:37:21]} Kf7
{[%clk 0:35:25]} 15. Ne4 {[%clk 0:32:57]} h6 {[%clk 0:17:02]} 16. Bd2
{[%clk 0:30:02]} a6 {[%clk 0:12:09]} 17. Bc3 {[%clk 0:26:21]} Rg8
{[%clk 0:09:38]} 18. Be5 {[%clk 0:25:38]} Rb7 {[%clk 0:07:47]} 19. Rdc1
{[%clk 0:23:09]} b5 {[%clk 0:07:20]} 20. axb5 {[%clk 0:23:30]} axb5
{[%clk 0:07:49]} 21. f4 {[%clk 0:19:20]} Bd7 {[%clk 0:06:30]} 22. Bf3
{[%clk 0:18:31]} Kg6 {[%clk 0:03:38]} 23. Ra8 {[%clk 0:15:29]} Kh7
{[%clk 0:01:32]} 24. Nd6 {[%clk 0:14:48]} Bxd6 {[%clk 0:01:43]} 25. Be4+
{[%clk 0:15:14]} Rg6 {[%clk 0:01:24]} 26. Rh8# {[%clk 0:15:31]} 1-0

[Event "EYCC 2024 - O14"]
[Site "?"]
[Date "2024.08.25"]
[Round "4.8"]
[White "Myagmarsuren, Evsuld"]
[Black "Dotzer, Lukas"]
[Result "1/2-1/2"]
[BlackElo "2391"]
[WhiteElo "2142"]
[LiveChessVersion "1.4.8"]

1. e4 {[%clk 1:30:58]} c5 {[%clk 1:30:56]} 2. Nf3 {[%clk 1:31:23]} d6
{[%clk 1:31:20]} 3. d4 {[%clk 1:31:50]} cxd4 {[%clk 1:31:44]} 4. Nxd4
{[%clk 1:32:16]} Nf6 {[%clk 1:32:03]} 5. Nc3 {[%clk 1:32:43]} a6 {[%clk 1:32:26]}
6. Be3 {[%clk 1:33:09]} e6 {[%clk 1:32:50]} 7. Be2 {[%clk 1:33:35]} Be7
{[%clk 1:32:44]} 8. Qd2 {[%clk 1:33:16]} O-O {[%clk 1:26:17]} 9. O-O-O
{[%clk 1:29:53]} Qc7 {[%clk 1:20:38]} 10. g4 {[%clk 1:11:38]} b5 {[%clk 1:17:09]}
11. a3 {[%clk 1:02:21]} Bb7 {[%clk 1:14:06]} 12. Bf3 {[%clk 1:01:13]} Nfd7
{[%clk 1:00:05]} 13. Bg5 {[%clk 0:49:57]} Bxg5 {[%clk 0:43:52]} 14. Qxg5
{[%clk 0:50:21]} Nc5 {[%clk 0:43:27]} 15. h4 {[%clk 0:28:00]} Nc6
{[%clk 0:40:45]} 16. h5 {[%clk 0:24:39]} Nxd4 {[%clk 0:36:20]} 17. Rxd4
{[%clk 0:24:44]} e5 {[%clk 0:35:16]} 18. Rd2 {[%clk 0:21:48]} Ne6
{[%clk 0:25:35]} 19. Qe3 {[%clk 0:22:04]} h6 {[%clk 0:24:47]} 20. Rhd1
{[%clk 0:20:27]} Rfd8 {[%clk 0:19:28]} 21. Kb1 Rac8 {[%clk 0:17:11]} 22. g5
{[%clk 0:17:19]} Nxg5 {[%clk 0:15:08]} 23. Bg4 {[%clk 0:17:46]} Rb8
{[%clk 0:13:57]} 24. f4 {[%clk 0:18:09]} exf4 {[%clk 0:13:05]} 25. Qxf4
{[%clk 0:18:35]} Re8 {[%clk 0:03:31]} 26. Bf5 {[%clk 0:18:37]} Rbd8
{[%clk 0:01:47]} 27. Ka1 {[%clk 0:11:05]} Ne6 {[%clk 0:00:37]} 28. Qg3
{[%clk 0:11:10]} Ng5 {[%clk 0:00:52]} 29. Qf4 {[%clk 0:09:36]} Qb8
{[%clk 0:01:05]} 30. Kb1 {[%clk 0:07:34]} Ne6 {[%clk 0:01:10]} 31. Qg3 Ng5
{[%clk 0:01:28]} 32. Qf4 {[%clk 0:07:43]} Qa8 {[%clk 0:01:46]} 33. Nd5
{[%clk 0:05:15]} Qb8 34. Nc3 1/2-1/2

[Event "EYCC 2024 - O14"]
[Site "?"]
[Date "2024.08.25"]
[Round "4.9"]
[White "Katsanis, Vasileios Dim"]
[Black "Khoury, Theo"]
[Result "1/2-1/2"]
[BlackElo "2085"]
[WhiteElo "2222"]
[LiveChessVersion "1.4.8"]

1. d4 {[%clk 1:30:57]} d5 {[%clk 1:30:56]} 2. c4 {[%clk 1:31:23]} e6
{[%clk 1:30:54]} 3. Nc3 {[%clk 1:31:46]} Nf6 {[%clk 1:31:21]} 4. cxd5
{[%clk 1:32:10]} exd5 {[%clk 1:31:47]} 5. Bg5 {[%clk 1:32:33]} c6
{[%clk 1:32:14]} 6. Qc2 {[%clk 1:32:56]} h6 {[%clk 1:32:39]} 7. Bh4
{[%clk 1:33:17]} Be7 {[%clk 1:33:03]} 8. e3 {[%clk 1:33:39]} O-O {[%clk 1:33:28]}
9. Bd3 {[%clk 1:34:00]} Re8 {[%clk 1:33:54]} 10. Nge2 {[%clk 1:34:16]} Nbd7
{[%clk 1:34:19]} 11. f3 {[%clk 1:34:32]} Nf8 {[%clk 1:32:03]} 12. O-O
{[%clk 1:34:53]} Ne6 {[%clk 1:32:28]} 13. Rad1 {[%clk 1:32:11]} Bd7
{[%clk 1:31:49]} 14. Kh1 {[%clk 1:25:10]} b5 {[%clk 1:32:01]} 15. e4
{[%clk 1:21:54]} dxe4 {[%clk 1:31:57]} 16. fxe4 {[%clk 1:22:17]} Ng4
{[%clk 1:32:23]} 17. Bf2 {[%clk 1:18:40]} Nxf2+ {[%clk 1:22:44]} 18. Rxf2
{[%clk 1:19:08]} b4 {[%clk 1:22:42]} 19. Nb1 {[%clk 1:18:54]} Rc8
{[%clk 1:14:16]} 20. Nd2 {[%clk 1:09:12]} c5 {[%clk 1:10:27]} 21. d5
{[%clk 1:09:09]} Nd4 {[%clk 1:10:50]} 22. Nxd4 {[%clk 1:08:36]} cxd4
{[%clk 1:11:14]} 23. Nc4 {[%clk 1:08:27]} Bb5 {[%clk 1:05:27]} 24. Qe2
{[%clk 0:56:05]} Bxc4 {[%clk 1:00:08]} 25. Bxc4 {[%clk 0:55:03]} Bd6
{[%clk 0:57:01]} 26. Bd3 {[%clk 0:50:13]} Qh4 {[%clk 0:52:57]} 27. g4
{[%clk 0:47:30]} Rc7 {[%clk 0:46:29]} 28. Qf3 {[%clk 0:39:26]} Re5
{[%clk 0:44:40]} 29. Rg1 {[%clk 0:33:27]} a5 {[%clk 0:40:52]} 30. Qg3
{[%clk 0:28:59]} Qe7 {[%clk 0:40:39]} 31. Qg2 {[%clk 0:28:53]} a4
{[%clk 0:38:14]} 32. Rc2 {[%clk 0:25:23]} Rg5 {[%clk 0:31:44]} 33. Rxc7
{[%clk 0:25:01]} Bxc7 {[%clk 0:32:10]} 34. Qf3 {[%clk 0:19:31]} Qe5
{[%clk 0:29:19]} 35. Rg3 {[%clk 0:13:19]} h5 {[%clk 0:23:47]} 36. gxh5
{[%clk 0:13:27]} Rxh5 {[%clk 0:22:52]} 37. Kg2 {[%clk 0:13:05]} g6
{[%clk 0:22:40]} 38. d6 {[%clk 0:11:11]} Bxd6 {[%clk 0:18:55]} 39. Bc4
{[%clk 0:11:31]} Qg7 {[%clk 0:19:20]} 40. Qxh5 {[%clk 0:09:58]} gxh5
{[%clk 0:17:53]} 41. Rxg7+ {[%clk 0:10:21]} Kxg7 {[%clk 0:18:19]} 42. h3
{[%clk 0:10:08]} Kg6 {[%clk 0:18:41]} 43. Kf3 {[%clk 0:10:28]} Be5
{[%clk 0:18:20]} 44. Bb5 {[%clk 0:10:47]} a3 {[%clk 0:18:44]} 45. bxa3
{[%clk 0:11:14]} bxa3 {[%clk 0:19:08]} 46. Bc4 {[%clk 0:11:41]} f6
{[%clk 0:19:26]} 47. Bb5 {[%clk 0:12:04]} Kg5 {[%clk 0:19:51]} 48. Bd3
{[%clk 0:12:26]} 1/2-1/2